[Event "IBM"]
[Site "Amsterdam"]
[Date "1978.??.??"]
[Round "9"]
[White "Romanishin, Oleg M"]
[Black "Ribli, Zoltan"]
[Result "0-1"]
[WhiteElo "2610"]
[BlackElo "2585"]
[PlyCount "80"]
[EventDate "1978.07.??"]
[Source "ChessBase"]

1. Nf3 c5 2. g3 g6 3. Bg2 Bg7 4. c4 Nc6 5. Nc3 e6 6. d3 Nge7 7. h4 h6 8. h5 g5 9. Nxg5 hxg5 10. Bxg5 f6 11. Be3 d6 12. h6 Bf8 13. g4 Ne5 14. f3 Bd7 15. Ne4 N7g6 16. Qd2 Bc6 17. Nf2 d5 18. cxd5 exd5 19. Qc2 d4 20. Bd2 Qc7 21. O-O-O O-O-O 22. g5 fxg5 23. Bxg5 Be7 24. Bd2 Kb8 25. Rdg1 Rdf8 26. Bf1 Nf4 27. Ne4 c4 28. Rg7 cxd3 29. exd3 Nxf3 30. Bb4 Nxd3+ 31. Bxd3 Qf4+ 32. Bd2 Nxd2 33. Qxd2 Bxe4 34. Qxf4+ Rxf4 35. Bxe4 Rxe4 36. h7 Bf6 37. Rg8+ Re8 38. Rh6 Be5 39. Rhg6 Rc8+ 40. Rxc8+ Kxc8 0-1

[Event "Moscow PCA-Intel qual"]
[Site "Moscow"]
[Date "1995.??.??"]
[Round "4"]
[White "Gulko, Boris F"]
[Black "Chernin, Alexander"]
[Result "1/2-1/2"]
[WhiteElo "2595"]
[BlackElo "2600"]
[PlyCount "26"]
[EventDate "1995.??.??"]
[Source "ChessBase"]

1. Nf3 c5 2. c4 Nc6 3. g3 g6 4. Bg2 Bg7 5. Nc3 d6 6. a3 Nf6 7. Rb1 Bd7 8. b4 b6 9. d3 O-O 10. O-O Qc8 11. Re1 Bh3 12. Bh1 h6 13. Bd2 Rb8 1/2-1/2

[Event "XXIII Open"]
[Site "Cappelle la Grande FRA"]
[Date "2007.03.07"]
[Round "6"]
[White "Miroshnichenko, E."]
[Black "Vorobiov, E."]
[Result "1/2-1/2"]
[WhiteElo "2632"]
[BlackElo "2563"]
[PlyCount "81"]
[EventDate "2007.03.03"]
[Source "www.chesslib.no"]
[SourceDate "2004.05.04"]

1. Nf3 c5 2. g3 Nc6 3. Bg2 g6 4. O-O Bg7 5. c4 e6 6. Nc3 Nge7 7. a3 O-O 8. Rb1 d5 9. cxd5 exd5 10. d3 h6 11. Bd2 Bf5 12. Qc1 Kh7 13. Nxd5 Nxd5 14. e4 Bg4 15. exd5 Bxf3 16. Bxf3 Nd4 17. Qd1 Nxf3+ 18. Qxf3 Qf6 19. Qxf6 Bxf6 20. Rfc1 b6 21. b4 cxb4 22. Rc6 Bc3 23. Bf4 Rfd8 24. axb4 Bg7 25. d6 g5 26. Be3 Be5 27. f4 gxf4 28. Bxf4 Bxf4 29. gxf4 Rd7 30. Ra1 Rad8 31. Kf2 Rxd6 32. Rxd6 Rxd6 33. Rxa7 Rxd3 34. Rxf7+ Kg6 35. Rb7 Rb3 36. Rxb6+ Kf5 37. Ke2 Rh3 38. b5 Kxf4 39. Rc6 Rxh2+ 40. Kd3 Rb2 41. Rxh6 1/2-1/2

[Event "Amber-blind 11th"]
[Site "Monaco"]
[Date "2002.03.28"]
[Round "11"]
[White "Ljubojevic, Ljubomir"]
[Black "Almasi, Zoltan"]
[Result "1/2-1/2"]
[WhiteElo "2548"]
[BlackElo "2644"]
[PlyCount "180"]
[EventDate "2002.03.16"]
[Source "ChessBase"]
[SourceDate "2002.05.03"]

1. Nf3 c5 2. c4 Nc6 3. Nc3 e5 4. g3 g6 5. Bg2 Bg7 6. Rb1 Nge7 7. a3 a5 8. O-O O-O 9. Ne1 d6 10. Nc2 Be6 11. Ne3 Rb8 12. Ned5 Bg4 13. h3 Be6 14. d3 h6 15. Bd2 Kh7 16. Kh2 f5 17. b4 axb4 18. axb4 cxb4 19. Nxb4 Nxb4 20. Rxb4 d5 21. cxd5 Nxd5 22. Rb5 Nc7 23. Rxb7 Rxb7 24. Bxb7 Qd7 25. Qa4 Qd6 26. Qa5 Rb8 27. Rb1 Ne8 28. Be3 Qe7 29. Bc5 Qf7 30. Qa7 Rd8 31. Bc6 Qxa7 32. Bxa7 Rc8 33. Bd5 Bxd5 34. Nxd5 Rc2 35. Rb8 Nf6 36. Nxf6+ Bxf6 37. e4 fxe4 38. dxe4 Rc4 39. Rb7+ Kg8 40. f3 Rc2+ 41. Kg1 h5 42. h4 Rc1+ 43. Kf2 Rc2+ 44. Kf1 Rc1+ 45. Ke2 Rc2+ 46. Ke1 g5 47. hxg5 Bxg5 48. Bb8 Rc5 49. Ke2 h4 50. f4 exf4 51. gxf4 Bf6 52. e5 Bd8 53. Bd6 Rc2+ 54. Kd3 Rg2 55. Rb8 h3 56. Rxd8+ Kh7 57. e6 h2 58. Be5 Rg8 59. e7 h1=Q 60. e8=Q Qd1+ 61. Kc3 Qc1+ 62. Kb4 Rxe8 63. Rxe8 Kg6 64. Rb8 Kf5 65. Rb5 Ke4 66. Rc5 Qb1+ 67. Ka5 Qb7 68. Bc7 Qa7+ 69. Kb4 Qb7+ 70. Kc3 Qc8 71. Kb4 Qb7+ 72. Kc3 Qc8 73. Rc4+ Kd5 74. Rd4+ Ke6 75. Rc4 Kd5 76. Rd4+ Ke6 77. Re4+ Kf5 78. Rc4 Qd7 79. Be5 Qd1 80. Kb4 Qd5 81. Rc5 Qd3 82. Ka5 Qb1 83. Rb5 Qd3 84. Kb6 Qc4 85. Bc7+ Kf6 86. Rc5 Qb4+ 87. Kc6 Qe4+ 88. Kb5 Qd3+ 89. Kb6 Qb3+ 90. Rb5 Qc4 1/2-1/2

[Event "Europa ch 2008"]
[Site "Plovdiv BUL"]
[Date "2008.04.26"]
[Round "6.48"]
[White "Solak, Dragan"]
[Black "Parligras, Mircea"]
[Result "1/2-1/2"]
[WhiteElo "2630"]
[BlackElo "2561"]
[PlyCount "37"]
[EventDate "2008.04.21"]
[Source "www.chesslib.no"]
[SourceDate "2004.05.04"]

1. c4 c5 2. Nf3 g6 3. g3 Bg7 4. Bg2 Nc6 5. Nc3 e5 6. O-O Nge7 7. Ne1 d6 8. Nc2 O-O 9. Ne3 Rb8 10. d3 a6 11. a4 h6 12. Bd2 b6 13. Ned5 Kh7 14. Rb1 Nxd5 15. Nxd5 a5 16. Bc3 Ne7 17. f4 Nxd5 18. Bxd5 exf4 19. Bxg7 1/2-1/2

[Event "Bizovac CRO, 12. Open Metalis"]
[Site "?"]
[Date "2005.02.26"]
[Round "5.1"]
[White "Kozul Zdenko"]
[Black "Pavasovic Dusko"]
[Result "1/2-1/2"]
[WhiteElo "2595"]
[BlackElo "2595"]
[PlyCount "53"]
[EventDate "2005.??.??"]
[Source "www.chesslib.no"]
[SourceDate "2004.05.04"]

1. Nf3 c5 2. c4 Nc6 3. Nc3 g6 4. g3 Bg7 5. Bg2 e6 6. O-O Nge7 7. d3 O-O 8. Bd2 b6 9. a3 Bb7 10. Rb1 d6 11. b4 Qd7 12. Qa4 Rad8 13. Rfc1 Ba8 14. Ne1 f5 15. Qd1 h6 16. f4 e5 17. b5 Nd4 18. Bxa8 Rxa8 19. a4 exf4 20. gxf4 d5 21. cxd5 Nxd5 22. Nxd5 Qxd5 23. e3 Rfe8 24. Rc4 Ne6 25. Qf3 Rad8 26. Qxd5 Rxd5 27. Rb3 1/2-1/2

[Event "AUT-chT2S 9900"]
[Site "?"]
[Date "2000.03.17"]
[Round "9.2"]
[White "Stohl Igor"]
[Black "Eingorn Vereslav S"]
[Result "1/2-1/2"]
[WhiteElo "2600"]
[BlackElo "2589"]
[PlyCount "30"]
[EventDate "2000.??.??"]
[Source "www.chesslib.no"]
[SourceDate "2004.05.04"]

1. Nf3 c5 2. c4 g6 3. g3 Bg7 4. Bg2 Nc6 5. Nc3 d6 6. Rb1 Bd7 7. a3 Rc8 8. d3 b6 9. Bd2 Nh6 10. b4 Nf5 11. O-O h5 12. h3 Ne5 13. Nxe5 Bxe5 14. e3 e6 15. Ne2 O-O 1/2-1/2

[Event "XXIII Open"]
[Site "Cappelle la Grande FRA"]
[Date "2007.03.08"]
[Round "7"]
[White "Maletin, P."]
[Black "Gashimov, V."]
[Result "1/2-1/2"]
[WhiteElo "2527"]
[BlackElo "2658"]
[PlyCount "71"]
[EventDate "2007.03.03"]
[Source "www.chesslib.no"]
[SourceDate "2004.05.04"]

1. Nf3 c5 2. g3 g6 3. Bg2 Bg7 4. c4 Nc6 5. Nc3 e6 6. d4 cxd4 7. Nb5 d5 8. cxd5 Qa5+ 9. Qd2 Qxb5 10. dxc6 Qxc6 11. O-O Ne7 12. Nxd4 Qb6 13. Nb3 O-O 14. Na5 Qa6 15. Rb1 Nd5 16. e4 Nc7 17. b3 Nb5 18. Bb2 e5 19. f4 Qb6+ 20. Kh1 Rd8 21. Qe1 exf4 22. Bxg7 Kxg7 23. gxf4 Nd4 24. Nc4 Qc5 25. Rc1 f6 26. Ne3 Qe7 27. Nd5 Qf7 28. f5 gxf5 29. Qg3+ Kh8 30. Rc7 Rd7 31. exf5 Nb5 32. Rc5 b6 33. Rxb5 Ba6 34. Nxf6 Qxf6 35. Bxa8 Bxb5 36. Rg1 1/2-1/2

[Event "Polanica Zdroj"]
[Site "?"]
[Date "1999.??.??"]
[Round "?"]
[White "Bunzmann, D."]
[Black "Sutovsky, E."]
[Result "0-1"]
[WhiteElo "2595"]
[BlackElo "2585"]
[PlyCount "80"]
[EventDate "1999.??.??"]
[Source "Chess Informant"]
[SourceDate "1999.06.01"]

1. c4 g6 2. Nc3 Bg7 3. g3 c5 4. Bg2 Nc6 5. Nf3 e6 6. d4 Nxd4 7. Nxd4 cxd4 8. Nb5 Qb6 9. e3 Ne7 10. Nxd4 O-O 11. O-O d5 12. cxd5 Nxd5 13. Nb3 Nb4 14. e4 Rd8 15. Qf3 Nc2 16. Rb1 e5 17. Bg5 Re8 18. Rfc1 Nd4 19. Qd3 Bd7 20. Be3 Bb5 21. Qd2 Rad8 22. Bxd4 exd4 23. Nc5 a5 24. Nd3 Rc8 25. Rd1 Ba4 26. Rdc1 Bb5 27. Rd1 Bc4 28. b3 Bb5 29. Nf4 d3 30. Nd5 Qd4 31. Rbc1 Rxc1 32. Rxc1 Bc6 33. Rc4 Qb2 34. Qxb2 Bxb2 35. Ne3 f5 36. Nd1 Bg7 37. f3 fxe4 38. fxe4 Bb5 39. Rc7 Bd4+ 40. Kh1 Bc6 0-1

[Event "Moscow RUS"]
[Site "?"]
[Date "2005.02.22"]
[Round "8"]
[White "Anastasian Ashot"]
[Black "Shabalov Alexander"]
[Result "0-1"]
[WhiteElo "2568"]
[BlackElo "2607"]
[PlyCount "76"]
[EventDate "2005.??.??"]
[Source "www.chesslib.no"]
[SourceDate "2004.05.04"]

1. Nf3 c5 2. c4 g6 3. g3 Bg7 4. Bg2 Nc6 5. O-O e6 6. Nc3 Nge7 7. d3 O-O 8. Bg5 h6 9. Bxe7 Nxe7 10. Qd2 d5 11. cxd5 Nxd5 12. Rac1 Nxc3 13. bxc3 Bd7 14. c4 a6 15. Qe3 Qc7 16. Nd2 Rac8 17. Nb3 b6 18. Rc2 h5 19. Rb1 h4 20. Qe4 hxg3 21. hxg3 Rb8 22. Bf3 g5 23. g4 f5 24. Qe3 fxg4 25. Bxg4 Rf4 26. Bxe6+ Kh8 27. Qh3+ Rh4 28. Bxd7 Rxh3 29. Bxh3 g4 30. Bg2 g3 31. Bf3 Bd4 32. Kg2 Bxf2 33. Rcc1 Kg7 34. Rh1 Qf4 35. a4 Rh8 36. Rxh8 Kxh8 37. a5 bxa5 38. Nxa5 Qe3 0-1

[Event "Koszalin"]
[Site "?"]
[Date "1999.??.??"]
[Round "?"]
[White "Markowski, T."]
[Black "Bologan, V."]
[Result "0-1"]
[WhiteElo "2555"]
[BlackElo "2620"]
[PlyCount "60"]
[EventDate "1999.??.??"]
[Source "Chess Informant"]
[SourceDate "1999.06.01"]

1. g3 c5 2. Bg2 Nc6 3. c4 g6 4. Nc3 Bg7 5. Nf3 e6 6. d4 cxd4 7. Nb5 d5 8. cxd5 Qa5+ 9. Nd2 Qxb5 10. dxc6 Ne7 11. a4 Qb6 12. Nc4 Qb4+ 13. Bd2 Qxc4 14. cxb7 Bxb7 15. Bxb7 Rb8 16. b3 Qc5 17. Bg2 Nd5 18. Rc1 Nc3 19. O-O Qb6 20. Qe1 O-O 21. e3 Qxb3 22. exd4 Nd5 23. Qd1 Bxd4 24. Bh6 Nc3 25. Qg4 Rfc8 26. Bf3 Qxa4 27. Bd2 Rb4 28. Qg5 Qb5 29. Qe7 Qc5 30. Qd7 Qc7 0-1

[Event "Pula (zt)"]
[Site "?"]
[Date "2000.??.??"]
[Round "?"]
[White "Dizdarevic, E."]
[Black "Milov, V."]
[Result "1/2-1/2"]
[WhiteElo "2520"]
[BlackElo "2650"]
[PlyCount "30"]
[EventDate "2000.??.??"]
[Source "Chess Informant"]
[SourceDate "2000.02.01"]

1. Nf3 c5 2. g3 Nc6 3. Bg2 g6 4. c4 Bg7 5. Nc3 d6 6. d3 f5 7. Rb1 Nf6 8. a3 a5 9. O-O O-O 10. Ne1 Be6 11. Bg5 Nh5 12. Bd2 f4 13. b4 axb4 14. axb4 Nxb4 15. Ne4 Kh8 1/2-1/2

[Event "BL 0607 SV Mülheim Nord - OSC Baden Bad"]
[Site "Germania"]
[Date "2007.02.24"]
[Round "10.4"]
[White "Hausrath, Daniel"]
[Black "Nielsen, Peter-Heine"]
[Result "0-1"]
[WhiteElo "2529"]
[BlackElo "2640"]
[PlyCount "124"]
[EventDate "2006.10.28"]
[Source "www.chesslib.no"]
[SourceDate "2004.05.04"]

1. Nf3 c5 2. c4 Nc6 3. g3 g6 4. Bg2 Bg7 5. Nc3 e6 6. O-O Nge7 7. d4 cxd4 8. Nb5 d5 9. cxd5 Nxd5 10. Nfxd4 O-O 11. e4 Nxd4 12. Nxd4 Nb6 13. Nb3 Bd7 14. Qe2 Qe8 15. Rd1 Bb5 16. Qe1 Nc4 17. Na5 Na3 18. bxa3 Bxa1 19. e5 Rd8 20. Bd2 Rxd2 21. Qxd2 Bxe5 22. Nxb7 Bc6 23. Nd6 Qa8 24. Nc4 Bc7 25. Bxc6 Qxc6 26. Qe2 Rc8 27. Ne5 Qc3 28. Nd7 Rd8 29. Rd3 Qc1+ 30. Rd1 Qxa3 31. Qc4 Bb6 32. Nf6+ Kg7 33. Rxd8 Bxd8 34. Ng4 Qb2 35. Qf4 h5 36. Qe5+ Bf6 37. Qxb2 Bxb2 38. Ne3 Bd4 39. Nc2 Bc5 40. Kf1 Kf6 41. Ke2 Ke5 42. f3 Kd5 43. Kd3 e5 44. h3 f5 45. Na1 a5 46. Nb3 a4 47. Nd2 Bb4 48. Nf1 e4+ 49. fxe4+ fxe4+ 50. Ke2 Bc5 51. Nd2 Kd4 52. Nf1 Bf8 53. Nd2 Bh6 54. Nb1 Bc1 55. Kd1 Bb2 56. Kc2 a3 57. Nd2 Ke3 58. g4 hxg4 59. hxg4 Kf4 60. g5 e3 61. Nc4 e2 62. Kd2 Kf3 0-1

[Event "Kusadasi TUR"]
[Site "?"]
[Date "2006.04.12"]
[Round "8"]
[White "Delchev Aleksander"]
[Black "Brkic Ante"]
[Result "1-0"]
[WhiteElo "2661"]
[BlackElo "2506"]
[PlyCount "59"]
[EventDate "2006.??.??"]
[Source "www.chesslib.no"]
[SourceDate "2004.05.04"]

1. Nf3 c5 2. c4 Nc6 3. Nc3 e5 4. g3 g6 5. Bg2 Bg7 6. a3 d6 7. O-O Nge7 8. Rb1 a5 9. d3 O-O 10. Bd2 Rb8 11. Qa4 Bd7 12. Nb5 Nf5 13. Qd1 Ncd4 14. Nfxd4 exd4 15. b4 axb4 16. axb4 b6 17. bxc5 bxc5 18. Qa4 Qe8 19. Rfe1 Bc6 20. Bxc6 Qxc6 21. Qa5 Ra8 22. Qc7 Qa6 23. Bg5 h6 24. g4 hxg5 25. gxf5 Be5 26. Qe7 Qc8 27. Qxg5 Kg7 28. Nxd6 Qc7 29. f6+ Kh7 30. Qxe5 1-0

[Event "Bundesliga 9900"]
[Site "Germany"]
[Date "2000.02.20"]
[Round "11"]
[White "Wahls, Matthias"]
[Black "Stohl, Igor"]
[Result "1/2-1/2"]
[WhiteElo "2579"]
[BlackElo "2586"]
[PlyCount "25"]
[EventDate "1999.10.??"]
[Source "ChessBase"]
[SourceDate "2000.03.10"]

1. c4 c5 2. Nf3 Nc6 3. Nc3 e5 4. g3 g6 5. Bg2 Bg7 6. O-O d6 7. Ne1 Be6 8. Nd5 Nge7 9. Nc2 Rb8 10. a4 O-O 11. Rb1 a5 12. d3 Nb4 13. Nxe7+ 1/2-1/2

[Event "Yerevan (ol)"]
[Site "?"]
[Date "1996.??.??"]
[Round "?"]
[White "Antunes, A."]
[Black "Hracek, Z."]
[Result "0-1"]
[WhiteElo "2540"]
[BlackElo "2625"]
[PlyCount "100"]
[EventDate "1996.??.??"]
[Source "ChessBase"]
[SourceDate "1996.06.01"]

1. Nf3 c5 2. c4 Nc6 3. g3 g6 4. Bg2 Bg7 5. Nc3 d6 6. O-O Nh6 7. a3 Nf5 8. e3 O-O 9. Rb1 Rb8 10. b4 Bxc3 11. dxc3 b6 12. Qe2 Ng7 13. e4 f6 14. Ne1 Be6 15. f4 Qc8 16. Nc2 Bh3 17. Ne3 Bxg2 18. Qxg2 f5 19. Rb2 Rb7 20. g4 Kh8 21. Re2 e6 22. Rd2 Rd7 23. Rfd1 Qc7 24. Rf2 Ne7 25. Bd2 Qc6 26. exf5 Qxg2+ 27. Kxg2 gxf5 28. h3 Ng6 29. Kg3 h5 30. Bc1 h4+ 31. Kg2 fxg4 32. Nxg4 Nf5 33. Re1 Re7 34. b5 Kg7 35. a4 a6 36. Ne3 axb5 37. Nxf5+ exf5 38. Rxe7+ Nxe7 39. cxb5 Kf7 40. Re2 Nd5 41. c4 Nc3 42. Re3 Ne4 43. Ra3 Ra8 44. Be3 Ke6 45. Kf3 Rg8 46. a5 Nd2+ 47. Bxd2 Rg3+ 48. Ke2 Rxa3 49. a6 d5 50. Bc1 Ra4 0-1

[Event "Kusadasi TUR"]
[Site "?"]
[Date "2006.04.04"]
[Round "1"]
[White "Jobava Baadur"]
[Black "Jankovic Alojzije"]
[Result "1-0"]
[WhiteElo "2646"]
[BlackElo "2516"]
[PlyCount "53"]
[EventDate "2006.??.??"]
[Source "www.chesslib.no"]
[SourceDate "2004.05.04"]

1. c4 c5 2. Nc3 Nc6 3. Nf3 e5 4. g3 g6 5. Bg2 Bg7 6. d3 Nge7 7. a3 O-O 8. O-O d6 9. Rb1 a5 10. Bd2 h6 11. Ne1 Be6 12. Nc2 d5 13. cxd5 Nxd5 14. Ne3 Nce7 15. Qc1 b6 16. Nexd5 Nxd5 17. Bxh6 f5 18. Bxg7 Kxg7 19. b4 cxb4 20. axb4 a4 21. Nxa4 Rxa4 22. Qc6 Rxb4 23. Qxe6 Rxb1 24. Rxb1 Nc3 25. Rxb6 Nxe2+ 26. Kf1 Nf4 27. Qxe5+ 1-0

[Event "Hastings 9091"]
[Site "Hastings"]
[Date "1990.??.??"]
[Round "?"]
[White "King, Daniel J"]
[Black "Sax, Gyula"]
[Result "1/2-1/2"]
[WhiteElo "2560"]
[BlackElo "2600"]
[PlyCount "124"]
[EventDate "1990.12.??"]
[Source "ChessBase"]

1. c4 c5 2. Nc3 g6 3. g3 Bg7 4. Bg2 Nc6 5. Nf3 e5 6. O-O Nge7 7. a3 a5 8. d3 O-O 9. Ne1 Rb8 10. Bg5 d6 11. Nc2 Be6 12. Bxe7 Nxe7 13. b4 f5 14. Rb1 e4 15. Nb5 cxb4 16. axb4 Nc6 17. dxe4 Bxc4 18. exf5 Bxb5 19. Qd5+ Kh8 20. Qxb5 Rxf5 21. Qd3 Nxb4 22. Nxb4 axb4 23. Rxb4 b5 24. Be4 Rc5 25. Rd1 Bc3 26. Rb3 Qc7 27. Qxd6 Qxd6 28. Rxd6 b4 29. Rd7 Ra5 30. Bd5 Ra1+ 31. Kg2 Re1 32. Bc4 Rc8 33. Bd3 Ra8 34. Rc7 Ra5 35. Rb1 Rxb1 36. Bxb1 Ra1 37. Bd3 Bd2 38. Rb7 Rc1 39. h4 Rc5 40. g4 Kg8 41. Bb1 Re5 42. Ba2+ Kh8 43. e3 h5 44. Bb1 hxg4 45. Bxg6 Be1 46. h5 Rg5 47. Kg3 Kg8 48. e4 Bc3 49. f4 gxf3+ 50. Kxf3 Kh8 51. Ke3 Kg8 52. Kd3 Kh8 53. Kc4 Kg8 54. Kd3 Kh8 55. Be8 Rg7 56. Bf7 Kh7 57. Bg6+ Kh6 58. Rb5 Re7 59. Ke3 Re5 60. Rb7 Kg5 61. Bf7 Kf6 62. Bg6 Kg5 1/2-1/2

[Event "Deizisau"]
[Site "?"]
[Date "2001.04.16"]
[Round "8.3"]
[White "Bezold Michael"]
[Black "Graf Alexander"]
[Result "1/2-1/2"]
[WhiteElo "2510"]
[BlackElo "2649"]
[PlyCount "23"]
[EventDate "2001.??.??"]
[Source "www.chesslib.no"]
[SourceDate "2004.05.04"]

1. Nf3 g6 2. g3 Bg7 3. Bg2 c5 4. c4 Nc6 5. O-O e5 6. Nc3 d6 7. d3 Nge7 8. Bg5 f6 9. Bd2 a6 10. Ne1 Rb8 11. a4 O-O 12. Nc2 1/2-1/2

[Event "International Kings Challenge"]
[Site "Beijing"]
[Date "2003.09.23"]
[Round "6"]
[White "Seirawan, Yasser"]
[Black "Ni Hua"]
[Result "1-0"]
[WhiteElo "2626"]
[BlackElo "2533"]
[PlyCount "89"]
[EventDate "2003.09.22"]
[Source "Roberto Alvarez"]
[SourceDate "2003.10.06"]

1. c4 c5 2. g3 Nc6 3. Bg2 g6 4. Nc3 Bg7 5. a3 a5 6. Nf3 e5 7. O-O Nge7 8. Ne1 d6 9. Nc2 O-O 10. d3 Be6 11. Ne3 Rb8 12. Ned5 b6 13. Bg5 f6 14. Bd2 Qd7 15. Qa4 Rfd8 16. Rfb1 Bh3 17. Nxe7+ Nxe7 18. Qxd7 Bxd7 19. b4 Kf7 20. bxa5 bxa5 21. Ne4 Rxb1+ 22. Rxb1 Bc6 23. Bxa5 Rd7 24. Rb8 Ra7 25. Nxd6+ Ke6 26. Bb6 Rxa3 27. Bxc5 Ra5 28. Nb5 Ra1+ 29. Bf1 Nf5 30. e4 Nh6 31. f3 f5 32. Rc8 Bd7 33. Rd8 Bxb5 34. cxb5 Bf6 35. Rd6+ Kf7 36. Rd7+ Ke6 37. Rd6+ Kf7 38. Rd7+ Ke6 39. Rxh7 Nf7 40. h4 Rc1 41. Be3 Rb1 42. h5 Bg5 43. f4 exf4 44. gxf4 gxh5 45. fxg5 1-0

[Event "Europa ch 2008"]
[Site "Plovdiv BUL"]
[Date "2008.05.02"]
[Round "11.56"]
[White "Braun, Arik"]
[Black "Solak, Dragan"]
[Result "0-1"]
[WhiteElo "2529"]
[BlackElo "2630"]
[PlyCount "70"]
[EventDate "2008.04.21"]
[Source "www.chesslib.no"]
[SourceDate "2004.05.04"]

1. Nf3 c5 2. c4 g6 3. Nc3 Bg7 4. g3 Nc6 5. Bg2 d6 6. O-O e5 7. a3 a5 8. d3 Nge7 9. Ne1 Be6 10. Nc2 d5 11. cxd5 Nxd5 12. Ne3 Nde7 13. Ne4 b6 14. Qa4 Rc8 15. b4 cxb4 16. axb4 axb4 17. Bd2 O-O 18. Bxb4 Nxb4 19. Qxb4 Nc6 20. Qd2 Nd4 21. Qd1 f5 22. Nd2 b5 23. Nf3 f4 24. Nxd4 exd4 25. Ra6 Bf7 26. Nc2 Bb3 27. Bc6 fxg3 28. hxg3 Kh8 29. Qb1 Bxc2 30. Qxc2 Qd6 31. Rc1 Bh6 32. f4 Bxf4 33. gxf4 Qxf4 34. Raa1 Qf2+ 35. Kh1 Rf4 0-1

[Event "Dallas, TX"]
[Site "?"]
[Date "2001.02.25"]
[Round "4.2"]
[White "Annakov Babakouly"]
[Black "Kudrin Sergey"]
[Result "1/2-1/2"]
[WhiteElo "2566"]
[BlackElo "2592"]
[PlyCount "25"]
[EventDate "2001.??.??"]
[Source "www.chesslib.no"]
[SourceDate "2004.05.04"]

1. Nf3 c5 2. c4 Nc6 3. Nc3 e5 4. g3 g6 5. Bg2 Bg7 6. O-O Nge7 7. d3 d6 8. a3 O-O 9. Bd2 a5 10. Rb1 Rb8 11. Ne1 Be6 12. Nd5 b5 13. Nc2 1/2-1/2

[Event "Geneve"]
[Site "?"]
[Date "2004.??.??"]
[Round "?"]
[White "Georgiev, Vl"]
[Black "Eljanov, P."]
[Result "1/2-1/2"]
[WhiteElo "2560"]
[BlackElo "2595"]
[PlyCount "53"]
[EventDate "2004.??.??"]
[Source "Chess Informant"]
[SourceDate "2004.06.01"]

1. c4 c5 2. Nc3 Nc6 3. g3 g6 4. Bg2 Bg7 5. a3 d6 6. Rb1 a5 7. Nf3 e5 8. O-O Nge7 9. d3 O-O 10. Ne1 Be6 11. Bg5 f6 12. Be3 b6 13. b4 axb4 14. axb4 Nxb4 15. Bxa8 Qxa8 16. Ra1 Qb7 17. Nb5 Nc8 18. f3 d5 19. cxd5 Nxd5 20. Bd2 f5 21. Qa4 Nde7 22. Nc2 Nc6 23. Ne3 f4 24. Nc4 Qe7 25. Rab1 fxg3 26. hxg3 Nd4 27. Nxd4 1/2-1/2

[Event "Hastings 9091"]
[Site "Hastings"]
[Date "1990.??.??"]
[Round "?"]
[White "King, Daniel J"]
[Black "Olafsson, Helgi"]
[Result "0-1"]
[WhiteElo "2560"]
[BlackElo "2595"]
[PlyCount "62"]
[EventDate "1990.12.??"]
[Source "ChessBase"]

1. c4 c5 2. g3 g6 3. Bg2 Bg7 4. Nc3 Nc6 5. Nf3 e6 6. O-O Nge7 7. d3 O-O 8. Bf4 d5 9. Rb1 b6 10. a3 Bb7 11. Qa4 d4 12. Nb5 g5 13. Nxg5 e5 14. Ne4 exf4 15. Nbd6 Bc8 16. b4 f5 17. Nxc8 Rxc8 18. Ng5 Qd6 19. bxc5 bxc5 20. Rb5 fxg3 21. hxg3 Bh6 22. Nf3 Kh8 23. Qa6 Rg8 24. Kh1 f4 25. g4 Qe6 26. Nh2 f3 27. Bxf3 Bf4 28. Rg1 Qh6 29. Rg2 Bd6 30. Kg1 Ne5 31. Qb7 Rcf8 0-1

[Event "PCA-op"]
[Site "New York"]
[Date "1994.??.??"]
[Round "11"]
[White "Van Wely, Loek"]
[Black "Wolff, Patrick G"]
[Result "1/2-1/2"]
[WhiteElo "2560"]
[BlackElo "2595"]
[PlyCount "120"]
[EventDate "1994.??.??"]
[Source "ChessBase"]

1. Nf3 g6 2. c4 Bg7 3. Nc3 c5 4. g3 Nc6 5. Bg2 d6 6. d3 Rb8 7. Rb1 a6 8. a4 Bd7 9. Bd2 Nf6 10. O-O O-O 11. e3 Nb4 12. Qe2 Qc7 13. d4 cxd4 14. Nxd4 e5 15. Nf3 Rbc8 16. b3 d5 17. cxd5 Nfxd5 18. Nxd5 Nxd5 19. Rfc1 Qd6 20. Ng5 Bc6 21. b4 Bxa4 22. Rxc8 Rxc8 23. Qf3 Nf6 24. Qxb7 Rc7 25. Qb8+ Bf8 26. Be1 Bb5 27. Ra1 Kg7 28. Qa8 Qd3 29. Ne4 Nxe4 30. Qxe4 Qd6 31. Qb1 Be7 32. Qb2 f6 33. Rc1 Rxc1 34. Qxc1 Qd3 35. Qc3 e4 36. h4 Kf7 37. Qc1 f5 38. Bc3 Qc4 39. Qd2 Ke6 40. f3 exf3 41. Bh3 Bd6 42. Kf2 Qe2+ 43. Qxe2 Bxe2 44. g4 Be7 45. gxf5+ gxf5 46. e4 Bxh4+ 47. Ke3 Bg5+ 48. Kf2 h5 49. Bxf5+ Ke7 50. e5 Bf4 51. Bd4 h4 52. Bc5+ Kd8 53. e6 Bg5 54. Bg4 Be7 55. Bb6+ Ke8 56. Bxf3 Bxf3 57. Kxf3 Bxb4 58. Kg4 Ke7 59. Kxh4 Kxe6 60. Kg4 Kd6 1/2-1/2

[Event "Niksic"]
[Site "Niksic"]
[Date "1983.??.??"]
[Round "4"]
[White "Andersson, Ulf"]
[Black "Ivanovic, Bozidar"]
[Result "1/2-1/2"]
[WhiteElo "2640"]
[BlackElo "2515"]
[PlyCount "112"]
[EventDate "1983.08.??"]
[Source "ChessBase"]

1. Nf3 c5 2. g3 Nc6 3. Bg2 g6 4. c4 Bg7 5. Nc3 e5 6. O-O Nge7 7. a3 O-O 8. Rb1 d6 9. b4 Bf5 10. d3 Qd7 11. Nd2 Rad8 12. Re1 b6 13. Qa4 Bh3 14. Bh1 h6 15. Bb2 Kh7 16. Nd5 Nxd5 17. cxd5 Ne7 18. Qxd7 Bxd7 19. Nc4 Ba4 20. bxc5 dxc5 21. e4 f6 22. Rec1 Rfe8 23. Bf3 Nc8 24. Bd1 Bd7 25. a4 Bf8 26. f4 Nd6 27. fxe5 Nxc4 28. dxc4 fxe5 29. Bc3 Bd6 30. Kg2 Rf8 31. a5 Rb8 32. axb6 axb6 33. Rb2 b5 34. cxb5 Bxb5 35. Be2 Bxe2 36. Rxe2 Rb3 37. Be1 Rfb8 38. Rcc2 Kg7 39. Bf2 R8b5 40. Ra2 Kf6 41. Be3 g5 42. Ra6 Rb6 43. Rf2+ Ke7 44. Rxb6 Rxb6 45. Rc2 Rb4 46. Kf3 Rb3 47. Ke2 Rb5 48. Bd2 Rb3 49. Ra2 Kd7 50. Ra7+ Ke8 51. Ra8+ Kf7 52. Ra2 Ke8 53. Rc2 Kd7 54. Bc3 Ra3 55. Kd3 Bc7 56. g4 Kd6 1/2-1/2

[Event "AUT-chT 9899"]
[Site "AUT"]
[Date "1999.??.??"]
[Round "?"]
[White "Pinter, Jozsef"]
[Black "Ribli, Zoltan"]
[Result "1/2-1/2"]
[WhiteElo "2590"]
[BlackElo "2565"]
[PlyCount "34"]
[EventDate "1998.??.??"]
[Source "www.chesslib.no"]
[SourceDate "2004.05.04"]

1. c4 c5 2. Nc3 g6 3. Nf3 Bg7 4. g3 Nc6 5. Bg2 e6 6. O-O Nge7 7. d3 O-O 8. Bd2 b6 9. a3 Bb7 10. Rb1 d5 11. cxd5 Nxd5 12. Qa4 Qd7 13. Rfc1 Nxc3 14. Bxc3 Ne5 15. Qxd7 Nxd7 16. Bxg7 Kxg7 17. Nd2 Bxg2 1/2-1/2

[Event "Masters"]
[Site "Abu Dhabi"]
[Date "2004.08.17"]
[Round "4"]
[White "Minasian, Artashes"]
[Black "Bocharov, Dmitry"]
[Result "1/2-1/2"]
[WhiteElo "2584"]
[BlackElo "2569"]
[PlyCount "83"]
[EventDate "2004.08.14"]
[Source "Roberto Alvarez"]
[SourceDate "2004.08.30"]

1. Nf3 c5 2. g3 Nc6 3. Bg2 g6 4. O-O Bg7 5. d3 e5 6. c4 Nge7 7. Nc3 d6 8. Ne1 Be6 9. Nd5 O-O 10. Nc2 Rb8 11. a4 h6 12. Nxe7+ Nxe7 13. b4 cxb4 14. Nxb4 d5 15. Be3 dxc4 16. Bxa7 Ra8 17. Bc5 Ra5 18. Be3 Qd6 19. Bd2 Rc5 20. Na2 cxd3 21. Bb4 e4 22. exd3 Nc6 23. Bxc5 Qxc5 24. Bxe4 Ra8 25. d4 Bxd4 26. Rc1 Qe5 27. Re1 Qf6 28. Qc2 Rc8 29. Kg2 Nb4 30. Qd2 Rxc1 31. Nxc1 Bc3 32. Qe2 Bxe1 33. Qxe1 Qb2 34. Nd3 Nxd3 35. Bxd3 Bd5+ 36. Be4 Qe5 37. f3 Bc6 38. Qb4 Bxe4 39. fxe4 b6 40. h4 Kg7 41. Kf3 Qf6+ 42. Kg2 1/2-1/2

[Event "2nd IECC, Ohrid MKD"]
[Site "?"]
[Date "2001.??.??"]
[Round "5"]
[White "Cvitan, O."]
[Black "Tregubov, P."]
[Result "1/2-1/2"]
[WhiteElo "2525"]
[BlackElo "2625"]
[PlyCount "24"]
[EventDate "2001.??.??"]
[Source "www.chesslib.no"]
[SourceDate "2004.05.04"]

1. Nf3 c5 2. c4 Nc6 3. Nc3 e5 4. g3 g6 5. Bg2 Bg7 6. d3 Nge7 7. Nd2 d6 8. Nf1 Rb8 9. Ne3 a6 10. Ned5 O-O 11. a4 Nxd5 12. Nxd5 Bd7 1/2-1/2